Taylor Swift - Paroles When Emma Falls in Love - Statistiques

Statistiques générales
  • Ce quiz a été pris 41 fois
  • Le résultat moyen est 353 sur 391
Statistiques - réponses
Hint Réponse % Correct
a
100%
and
100%
And
100%
be
100%
Emma
100%
falls
100%
he
100%
her
100%
I
100%
in
100%
Like
100%
like
100%
love,
100%
love
100%
of
100%
on
100%
she
100%
She
100%
so
100%
sometimes
100%
that
100%
That
100%
the
100%
was
100%
Couplet 1 | Couplet 2 When
100%
when
100%
down
96%
go
96%
good
96%
had
96%
if
96%
If
96%
it
96%
know
96%
know,
96%
me
96%
she's
96%
they
96%
to
96%
up
96%
wish
96%
you
96%
you,
96%
about
92%
all
92%
bad
92%
boy
92%
boys
92%
can't
92%
chance
92%
has
92%
it's
92%
LA
92%
only
92%
put
92%
rain
92%
small
92%
tell
92%
town
92%
truth,
92%
'Cause
88%
door
88%
grew
88%
hand
88%
kind
88%
never
88%
New
88%
out,
88%
out
88%
right
88%
will
88%
would
88%
York
88%
change
83%
Cleopatra
83%
did
83%
does
83%
his
83%
I'm
83%
Little
83%
man
83%
rains
83%
same
83%
she'll
83%
this
83%
we
83%
won't
83%
your
83%
always
79%
could
79%
fits
79%
heart
79%
knows
79%
one
79%
thinks
79%
Turns
79%
whole
79%
with
79%
wrong
79%
call
75%
calls
75%
eyes
75%
floor
75%
gonna
75%
he'll
75%
learning
75%
leave
75%
Miss
75%
palm
75%
Sunshine
75%
takes
75%
time
75%
way
75%
Yeah,
75%
absolutely
71%
away
71%
between
71%
book
71%
herself
71%
locks
71%
met
71%
mom
71%
place
71%
unless
71%
walk
71%
face
67%
for
67%
lose
67%
paces
67%
world's
67%
apart,
63%
Now
63%
these
63%
ways
63%
years
63%
alone
58%
Jokes
58%
just
58%
own
58%
shelter
58%
waits
58%
Closes
54%
disappears
54%
laugh
54%
pain
54%
after
50%
blinds
50%
space
50%
outer
46%
seein'
46%
Bridge Well,
46%
bears
42%
keeps
42%
air
38%
stars
38%
Hangs
29%
Aucun quiz correspondant
Distribution des résultats
% des personnes avec chaque résultat
Percentile par nombre de réponses
Votre historique - résultats
Vous n’avez pas pris ce quiz